LEADER 01187nam2 2200349 450 001 990003276980203316 005 20090622082505.0 035 $a000327698 035 $aUSA01000327698 035 $a(ALEPH)000327698USA01 035 $a000327698 100 $a20090622d1969----km-y0itay50------ba 101 $aeng 102 $aUS 105 $a||||||||001yy 200 1 $aTheory and phenomenology in particle physics$eDevelopments and applications of current and field algebras...$fEdited by A. Zichichi 210 $aNew York$cAcademic Press$d1969 215 $aXVI, da 319 a 799 p.$cill.$d25 cm 225 2 $a<> subnuclear series$v19 300 $aAtti della seventeenth international school of subnuclear physics... 410 0$1001000327642$12001$a<> subnuclear series$v19 606 $aParticelle (Fisica nucleare)$xCongressi$z1977 676 $a539.7 702 1$aZICHICHI,$bA. 801 0$aIT$bsalbc$gISBD 912 $a990003276980203316 951 $a530 SS (17)$b16880/CBS$c530$d00223424 959 $aBK 969 $aSCI 979 $aRSIAV6$b90$c20090622$lUSA01$h0825 996 $aTheory and phenomenology in particle physics$91118747 997 $aUNISA LEADER 01291nam a2200349 i 4500 001 991003439669707536 005 20021217151055.0 008 961025s|||| us ||| | eng 020 $a0471085073 035 $ab11809188-39ule_inst 035 $aLE00300551$9ExL 040 $aDip.to Biologia$bita 082 0 $a591.87 100 1 $aBridger, William A.$0531200 245 10$aCell ATP /$cWilliam A. Bridger, J. Frank Henderson 260 0 $aNew York :$bJohn Wiley & Sons,$cc1983 300 $ax, 170 p. ;$c24 cm. 490 0 $aTransport in the life sciences ;$v5 500 $a"A Wiley-Interscience publication." 500 $aIncludes bibliographical references and index 650 4$aAdenosine triphosphate - Metabolism 650 4$aAdenosine triphosphate - Physiology 650 4$aCell metabolism 650 4$aCells - Physiology 650 4$aEnergy metabolism 700 1 $aHenderson, J. Frank$eauthor$4http://id.loc.gov/vocabulary/relators/aut$0736047 907 $a.b11809188$b27-04-17$c18-12-02 912 $a991003439669707536 945 $aLE003 571.1 BRI01.01 (1983)$g1$i2003000032956$lle003$o-$pE0.00$q-$rl$s- $t0$u0$v0$w0$x0$y.i12057903$z18-12-02 996 $aCell ATP$91454338 997 $aUNISALENTO 998 $ale003$b01-01-96$cm$da $e-$feng$gus $h0$i1